Les jeux vidéos créés par Motion Twin - Statistiques

Statistiques générales
  • Ce quiz a été pris 9 fois
  • Le résultat moyen est 10 sur 43
Statistiques - réponses
Réponse % Correct
Dead Cells
63%
Hordes
63%
La Brute
63%
CroqueMotel
50%
Snake
50%
Arkadeo
38%
DinoRPG
38%
Hammerfest
38%
KadoKado
38%
Kube
38%
Majority
38%
Studioquiz
38%
Fever
25%
Minitroopers
25%
Monster Hotel
25%
Mush
25%
Odyssey
25%
AlphaBounce
13%
Braziball Puzzle !
13%
CaféJeux
13%
Carapass
13%
Conquisla
13%
CroqueMonster
13%
Dinocard
13%
Dinoparc
13%
Frutiparc
13%
Hyperliner
13%
Intrusion
13%
La Bourinette
13%
Miniville
13%
Monlapin
13%
MotionBall 2
13%
Naturalchimie 2
13%
Pioupiouz
13%
Popotamo
13%
Rockfaller Journey
13%
Socratomancie
13%
Street Writer
13%
Teacher Story
13%
Tower Quest
13%
Kingdom
0%
SkyWar
0%
Uppercup Football
0%
Aucun quiz correspondant
Distribution des résultats
% des personnes avec chaque résultat
Percentile par nombre de réponses
Votre historique - résultats
Vous n’avez pas pris ce quiz